[Event "XXVIII Voivoda Cup"]
[Site "Legnica POL"]
[Date "2012.11.23"]
[Round "3.1"]
[White "Zawadzka,J"]
[Black "Dragun,K"]
[Result "0-1"]
[WhiteElo "2389"]
[BlackElo "2461"]

1.e4 c5 2.Nf3 e6 3.d4 cxd4 4.Nxd4 a6 5.Nc3 Qc7 6.Bd3 Nf6 7.f4 d6 8.Qe2 Nbd7
9.a4 Be7 10.a5 Nc5 11.Be3 O-O 12.O-O Bd7 13.Kh1 Rac8 14.Nf3 Bc6 15.Bxc5 dxc5
16.Ne5 Rfd8 17.Nc4 Rb8 18.e5 Nd5 19.Ne4 Nb4 20.Ned6 Nxd3 21.Qxd3 Bb5 22.f5 Bxc4
23.Qxc4 Bxd6 24.exd6 Rxd6 25.Rae1 Rd4 26.Qe2 Re8 27.Qf3 Rh4 28.h3 Rh6 29.Re4 Rf6
30.Rfe1 Rf8 31.Re5 Rxf5 32.Rxf5 exf5 33.Qxf5 Qxa5 34.Re7 Qa1+ 35.Kh2 Qxb2
36.Qxc5 g6 37.c4 b6 38.Qd5 Qf2 39.Qe5 a5 40.Ra7 Rc8 41.Qd6 Qc5 42.Qxc5 Rxc5
43.Ra6 Rc6 44.c5 Rxc5 45.Rxb6 h5 46.Kg3 Rf5 47.h4 Kf8 48.Ra6 Ke7 49.Kh3 Kd7  0-1

[Event "ch-Commonwealth 2012"]
[Site "Chennai IND"]
[Date "2012.11.24"]
[Round "3"]
[White "Priya,P"]
[Black "Deepan,C"]
[Result "0-1"]
[WhiteElo "2165"]
[BlackElo "2500"]

1.e4 c5 2.Nf3 a6 3.d4 cxd4 4.Nxd4 e6 5.Nc3 b5 6.Bd3 Bb7 7.O-O Nc6 8.Nxc6 dxc6
9.Qe2 e5 10.f4 Bd6 11.Qg4 Nf6 12.Qxg7 Rg8 13.Qh6 Ng4 14.Qxh7 Qb6+ 15.Kh1 O-O-O
16.Qf5+ Kb8 17.h3 Bc8 18.Qxf7 Rdf8 19.Qh7 Nf2+ 20.Kh2 exf4 21.e5 Bxe5 22.Qh5 Rxg2+
23.Kxg2 f3+ 24.Qxf3 Rg8+  0-1

[Event "9th Vasylyshyn Mem GM"]
[Site "Lviv UKR"]
[Date "2012.11.24"]
[Round "5"]
[White "Polivanov,A"]
[Black "Zakhartsov,Vi"]
[Result "0-1"]
[WhiteElo "2413"]
[BlackElo "2531"]

1.e4 c5 2.Nf3 e6 3.d4 cxd4 4.Nxd4 a6 5.Nc3 Qc7 6.Be2 b5 7.O-O Bb7 8.Re1 Nc6
9.Nxc6 dxc6 10.e5 Rd8 11.Bd3 c5 12.Qg4 Ne7 13.Bg5 Rd4 14.Qg3 Ng6 15.Rad1 Be7
16.Bxb5+ axb5 17.Nxb5 Qa5 18.Nxd4 cxd4 19.Bxe7 Nxe7 20.Qb3 Qa7 21.Qb4 Nc6
22.Qd6 Ba8 23.b4 Qb7 24.f3 Qxb4 25.Qxb4 Nxb4 26.Rxd4 Nc6 27.Rd6 Ke7 28.f4 Rc8
29.Re3 Nb8 30.Ra3 Be4 31.Ra7+ Ke8 32.Rb6 Nd7 33.Rd6 Nf8 34.Rb6 Ng6 35.Rb4 Bd5
36.c4 Bc6 37.g3 Ne7 38.a4 h6 39.c5 Bd5 40.Rb5 g5 41.fxg5 hxg5 42.h4 Kf8 43.hxg5 Nc6
44.Rab7 Kg7 45.a5 Bc4 46.a6 Bxb5 47.Rxb5 Nxe5 48.a7 Nc6 49.Rb7 Ra8 50.Rb6 Na5
51.Ra6 Nb7 52.c6 Nd6  0-1

[Event "TCh-NED Meesterklasse 2012-13"]
[Site "Netherland NED"]
[Date "2012.11.24"]
[Round "4.3"]
[White "Klein,Da"]
[Black "Siebrecht,S"]
[Result "0-1"]
[WhiteElo "2447"]
[BlackElo "2482"]

1.Nf3 c5 2.e4 e6 3.d4 cxd4 4.Nxd4 a6 5.Nc3 Qc7 6.Bd3 Bd6 7.Qg4 Be5 8.Nde2 g6
9.Be3 Nc6 10.f4 Bg7 11.O-O d6 12.Qh4 Nf6 13.f5 O-O 14.Bg5 Nd7 15.f6 Bh8 16.Qh6 Nce5
17.Kh1 Re8 18.Rf4 b5 19.Raf1 Bb7 20.a3 Rac8 21.Ng1 Nf8 22.Rh4 Qd8 23.Nh3 Nxd3
24.cxd3 e5 25.Kg1 d5 26.exd5 Rxc3 27.bxc3 Qxd5 28.Rg4 Qxd3 29.Nf2 Qxc3 30.Bd2 Qc2
31.Bg5 Nd7 32.Rc1 Qe2 33.Qh4 Qb2 34.Rd1 Nc5 35.Qh6 Ne6 36.Rh4 Nf8 37.h3 e4
38.Rd2 Qxa3 39.Ng4 Bc8 40.Ne3 Qa1+ 41.Rd1 Qa4 42.Kh2 Be6 43.Rd6 Qa3 44.Rd4 Qc5
45.Rhxe4 Rd8 46.Rxd8 Qc7+ 47.Kg1 Qxd8 48.Qh4 a5 49.Rd4 Qb6 50.Qf4 Nd7 51.Rd6 Qc5
52.Bh6 g5 53.Bxg5 Bxf6 54.Bxf6 Nxf6 55.Kh1 Kg7 56.Qg3+ Kf8 57.Rd8+ Ke7 58.Rd1 b4
59.Qf2 Qe5 60.Re1 Ne4 61.Qh4+ Ke8 62.Kg1 b3 63.Rd1 Nd2 64.Nf1 Qe4 65.Qg5 Qd4+
66.Kh1 b2 67.Nxd2 a4 68.Qb5+ Ke7 69.Qe2 a3 70.Nb3 Qxd1+ 71.Qxd1 a2 72.Nc1 a1=Q
73.Qh5 Qxc1+ 74.Kh2 b1=Q 75.Qh4+ Ke8 76.Qa4+ Kf8 77.Qa8+ Qc8 78.Qf3 Qc7+  0-1

[Event "ch-Commonwealth 2012"]
[Site "Chennai IND"]
[Date "2012.11.25"]
[Round "4"]
[White "Adhiban,Baskaran"]
[Black "Nitin,S"]
[Result "1/2-1/2"]
[WhiteElo "2559"]
[BlackElo "2398"]

1.e4 c5 2.Nf3 e6 3.d4 cxd4 4.Nxd4 a6 5.Nc3 d6 6.Be2 Nf6 7.O-O Be7 8.f4 O-O
9.Be3 Nc6 10.Kh1 Bd7 11.Qe1 b5 12.a3 Qb8 13.Rd1 b4 14.axb4 Qxb4 15.Bf3 Rac8
16.e5 dxe5 17.Nxc6 Bxc6 18.Bxc6 Rxc6 19.fxe5 Ne8 20.Bd4 Rc4 21.Qf2 Bc5 22.Bxc5 Qxc5
23.Rd7 Qxf2 24.Rxf2 Nc7 25.Kg1 Nb5 26.Nxb5  1/2-1/2

[Event "TCh-CZE Div1 Zapad 2012-13"]
[Site "Czech Republic CZE"]
[Date "2012.11.25"]
[Round "3.5"]
[White "Pulpan,J"]
[Black "Havlikova,K"]
[Result "1/2-1/2"]
[WhiteElo "2099"]
[BlackElo "2310"]

1.e4 c5 2.Nf3 e6 3.d4 cxd4 4.Nxd4 a6 5.Nc3 Qc7 6.Be2 b5 7.O-O Bb7 8.Bf3 Nc6
9.Re1 Ne5 10.Bf4 d6 11.Bxe5 dxe5 12.Nb3 Bb4 13.Re3 Rd8 14.Qe2 Be7 15.a3 Nf6
16.Rd1 O-O 17.Red3 Rxd3 18.Rxd3 Nd7 19.Qd1 Nb6 20.Be2 f5 21.Bf3 h6 22.exf5 exf5
23.Bxb7 Qxb7 24.Nd5 Nc4 25.Qh5 e4 26.Rd1 Bd6 27.Ne3 Nxe3 28.fxe3 Qb6 29.Nd4 Bc5
30.g3 Qf6 31.c3 Kh7 32.Kg2 g6 33.Qe2 Rd8 34.Rd2 h5 35.Nb3 Bf8 36.Qd1 Rxd2+
37.Qxd2 Qf7 38.Nc1 Bh6 39.Ne2 Qa7 40.Nf4 Qf7 41.Qd6 Bxf4  1/2-1/2

[Event "Doroshkevicha Mem Open 2012"]
[Site "Sochi RUS"]
[Date "2012.11.26"]
[Round "1"]
[White "Zhukov,Vi1"]
[Black "Papin,V"]
[Result "0-1"]
[WhiteElo "2059"]
[BlackElo "2546"]

1.e4 c5 2.Nf3 e6 3.d4 cxd4 4.Nxd4 a6 5.Nc3 Qc7 6.Bd3 Bc5 7.Nb3 Be7 8.O-O d6
9.Kh1 Nf6 10.f4 Nbd7 11.a4 b6 12.Qe2 Bb7 13.Bd2 h5 14.Rae1 h4 15.Kg1 g6 16.e5 Nh5
17.Be4 d5 18.Bf3 Ng7 19.Be3 Nf5 20.Bf2 O-O-O 21.Nd4 Kb8 22.Rd1 Rc8 23.Nxf5 gxf5
24.Bd4 Rcg8 25.Qe3 Rg6 26.Kh1 Rhg8 27.Rf2 Bc5 28.Ne2 f6 29.c3 Ka8 30.Bh5 R6g7
31.exf6 Nxf6 32.Bf3 Rg6 33.b4 Bxd4 34.Nxd4 Ne4 35.Rc2 e5 36.Nxf5 exf4 37.Qe1 h3
38.Nd4 hxg2+ 39.Rxg2 Rxg2 40.Bxg2 Nxc3 41.Rc1 Qg7 42.Qg1 Ne4 43.Ne6 Ng3+
44.hxg3 Rh8+  0-1

[Event "Doroshkevicha Mem Open 2012"]
[Site "Sochi RUS"]
[Date "2012.11.28"]
[Round "3"]
[White "Zakharov,AI"]
[Black "Papin,V"]
[Result "0-1"]
[WhiteElo "2377"]
[BlackElo "2546"]

1.e4 c5 2.Nf3 e6 3.Nc3 a6 4.d4 cxd4 5.Nxd4 Qc7 6.Bd3 g6 7.O-O Bg7 8.Nde2 Nc6
9.Be3 Nf6 10.h3 d6 11.Qd2 O-O 12.Rad1 b5 13.a3 Bb7 14.Ng3 Ne5 15.Bh6 Rad8
16.Bxg7 Kxg7 17.f4 Nc4 18.Bxc4 Qxc4 19.Qf2 d5 20.Qb6 Rb8 21.e5 Nd7 22.Qe3 Qc5
23.Rfe1 Qxe3+ 24.Rxe3 Rfc8 25.Nge2 a5 26.Nd4 Ba6 27.b3 Nc5 28.b4 Nd7 29.bxa5 Rc4
30.Nce2 Rbc8 31.Rb1 Ra4 32.Rbb3 Rxa5 33.g4 Nc5 34.Rbc3 Ne4 35.Rxc8 Bxc8 36.Ng3 Nd2
37.f5 Nc4 38.Rc3 Bd7 39.fxe6 fxe6 40.Nge2 Nxe5 41.Nf4 Kf6 42.Rc7 Rxa3 43.g5+ Ke7
44.Nfxe6 Kd6 45.Rb7 Bxe6 46.Nxb5+ Kc6 47.Re7 Nf3+ 48.Kg2 Kxb5 49.Rxe6 Nh4+
50.Kh2 Nf5  0-1

[Event "Doroshkevicha Mem Open 2012"]
[Site "Sochi RUS"]
[Date "2012.11.29"]
[Round "4"]
[White "Bryzgalin,K"]
[Black "Prizant,Ja"]
[Result "0-1"]
[WhiteElo "2485"]
[BlackElo "2548"]

1.e4 c5 2.Nf3 e6 3.d4 cxd4 4.Nxd4 a6 5.Nc3 b5 6.Bd3 Qb6 7.Nf3 Qc7 8.O-O Bb7
9.Re1 Nc6 10.e5 Nb4 11.Ne4 Nxd3 12.Qxd3 Rc8 13.c3 Qc4 14.Qxc4 Rxc4 15.Nd4 f5
16.Nd6+ Bxd6 17.exd6 Kf7 18.Bd2 Nf6 19.f3 Rhc8 20.b3 R4c5 21.a4 bxa4 22.Rxa4 Rd5
23.Rb4 Ba8 24.Rd1 g6 25.Rb6 e5 26.Ne2 Rc6 27.Rxc6 Bxc6 28.c4 Rxd6 29.Nc3 f4
30.Be1 Rxd1 31.Nxd1 Ke6 32.Nc3 g5 33.Kf2 g4 34.Ke2 h5 35.Bh4 Ne8 36.Kf2 Nd6
37.Bd8 Nf7 38.Bh4 Nd6 39.Bd8 Nf5 40.Ne2 Ne3 41.Ng1 d5 42.cxd5+ Bxd5 43.b4 Nc2
44.Ba5 Kf5 45.Ne2 Ne3 46.Nc3 Bc6 47.Bb6 Nc4 48.Bc7 gxf3 49.g3 Nb2 50.gxf4 Nd3+
51.Ke3 f2  0-1

[Event "CCSCSL IM Inv"]
[Site "Saint Louis USA"]
[Date "2012.11.30"]
[Round "9.4"]
[White "Kavutskiy,K"]
[Black "Sharevich,A"]
[Result "1-0"]
[WhiteElo "2301"]
[BlackElo "2291"]

1.e4 c5 2.Nf3 e6 3.d4 cxd4 4.Nxd4 a6 5.Nc3 Qc7 6.g3 Nf6 7.Bg2 Bb4 8.Bd2 Nc6
9.Nb3 O-O 10.O-O Be7 11.f4 d6 12.g4 Nd7 13.g5 Re8 14.Rf3 Bf8 15.Rh3 g6 16.Qg4 Bg7
17.Qh4 Nf8 18.f5 exf5 19.Nd5 Qd8 20.Nf6+ Bxf6 21.gxf6 fxe4 22.Rf1 h5 23.Rg3 Re5
24.Bc3 Rf5 25.Bxe4 Qb6+ 26.Kg2 Rxf1 27.Kxf1 Qb5+ 28.Bd3 Qd5 29.Kg1 Bg4 30.h3 Bd1
31.Qf4 Ne5 32.Qh6 Ne6 33.Nd4 Qc5 34.Kh1 Qd5+ 35.Kh2 h4 36.Re3 Nf3+ 37.Nxf3  1-0

[Event "TCh-CZE Extraliga 2012-13"]
[Site "Czech Republic CZE"]
[Date "2012.12.01"]
[Round "3.5"]
[White "Hracek,Z"]
[Black "Mirumian,V"]
[Result "1/2-1/2"]
[WhiteElo "2615"]
[BlackElo "2511"]

1.e4 c5 2.Nf3 e6 3.d4 cxd4 4.Nxd4 a6 5.Nc3 d6 6.Be3 Nf6 7.f3 b5 8.g4 Bb7
9.Qd2 Nfd7 10.O-O-O Nb6 11.Nb3 Nc6 12.Qf2 Nd7 13.Kb1 Rc8 14.h4 Be7 15.g5 O-O
16.Rg1 Qc7 17.h5 Nce5 18.Rc1  1/2-1/2

[Event "US Chess League KO Final 2012"]
[Site "ICC INT"]
[Date "2012.12.01"]
[Round "3"]
[White "Gorman,D"]
[Black "Sinanan,J"]
[Result "0-1"]
[WhiteElo "2227"]
[BlackElo "2227"]

1.e4 c5 2.Nf3 e6 3.d4 cxd4 4.Nxd4 a6 5.Nc3 Qc7 6.f4 b5 7.Bd3 Bb7 8.Qe2 Nc6
9.Nxc6 Qxc6 10.a4 b4 11.Nd5 Nf6 12.Nxf6+ gxf6 13.O-O f5 14.Re1 fxe4 15.Bxe4 Qxe4
16.Qxe4 Bxe4 17.Rxe4 Rc8 18.Re2 a5 19.Be3 Bc5 20.Kf2 Ke7 21.Rd1 h5 22.Kf3 Bxe3
23.Kxe3 Rc4 24.Rd4 Rc5 25.Kd2 Rg8 26.Rd3 Rg4 27.Rf3 Kf6 28.g3 h4 29.Rd3 d5
30.Re5 Rc8 31.Ree3 hxg3 32.hxg3 Rh8 33.b3 Rh2+ 34.Re2 Rh3 35.Rg2 Kf5 36.c3 bxc3+
37.Kxc3 f6 38.Kd4 e5+ 39.Kc5 exf4 40.Rxd5+ Kg6 41.b4 Rhxg3 42.Rf2 Rc3+ 43.Kb6 axb4
44.a5 Rg5 45.Rd4 f3 46.a6 Ra3 47.Rxb4 Rga5 48.Rf4 Rxa6+ 49.Kc5 R6a5+ 50.Kd6 Rf5
51.Rg4+ Rg5 52.Rf4 Rg3 53.Ke6 Re3+ 54.Kd5 Kg5 55.Ra4 Re2 56.Rf1 f2 57.Raa1 Kg4
58.Kd4 Rd2+ 59.Ke4 f5+ 60.Ke5 Re3+ 61.Kf6 Rde2 62.Ra4+ f4 63.Rb4 Rg3 64.Rb8 Kf3
65.Kf5 Rg1 66.Rb3+ Re3 67.Rxf2+ Kxf2 68.Rb2+ Re2  0-1

[Event "4th London Classic Open"]
[Site "London ENG"]
[Date "2012.12.03"]
[Round "3"]
[White "Othman,Mustapha"]
[Black "Bass,J"]
[Result "1/2-1/2"]
[WhiteElo "1865"]
[BlackElo "2065"]

1.e4 c5 2.Nf3 e6 3.d4 cxd4 4.Nxd4 a6 5.Nc3 Qc7 6.a3 Nf6 7.Be3 Be7 8.Be2 Nc6
9.g4 h6 10.Qd2 b5 11.f4 b4 12.axb4 Bxb4 13.Bf3 d5 14.exd5 exd5 15.O-O O-O
16.Qg2 Nxd4 17.Bxd4 Bc5 18.Bxc5 Qxc5+ 19.Kh1 Rb8 20.g5 hxg5 21.fxg5 Ne4 22.Nxd5 Qxd5
23.Bxe4 Qxe4 24.Qxe4 Bb7 25.Qxb7 Rxb7 26.b3 Rc8 27.Rf2 Rc6 28.Ra5 Rb5 29.Rxb5 axb5
30.Kg2 Rc3 31.Kf1 Kh7 32.Ke1 Kg6 33.Kd2 Rh3 34.c3 Kxg5 35.Rxf7 Rxh2+ 36.Kd3 Kg6
37.Rf4 Rh5 38.Kd4 Kg5 39.Rf7 Kg6 40.Ra7 Kf6 41.Ra6+ Ke7 42.Rc6 g5 43.Rc5 Rh4+
44.Kd3 b4 45.Rxg5 Rh3+ 46.Kc2 Rxc3+ 47.Kb2 Rh3 48.Rg4 Rh2+ 49.Kc1 Kd6 50.Rxb4 Kc5
51.Rb8 Rg2 52.Rc8+ Kb4 53.Rc2 Rg3  1/2-1/2

[Event "5th Kolkata Open"]
[Site "Kolkata IND"]
[Date "2012.12.04"]
[Round "2"]
[White "Bilguun,Sumiya"]
[Black "Dimakiling,O"]
[Result "1-0"]
[WhiteElo "2265"]
[BlackElo "2453"]

1.e4 c5 2.Nf3 e6 3.d4 a6 4.Nc3 cxd4 5.Nxd4 Qc7 6.Bd3 Nf6 7.O-O Bc5 8.Nb3 Ba7
9.Qe2 Nc6 10.Kh1 O-O 11.Bg5 Nd4 12.Nxd4 Bxd4 13.f4 h6 14.e5 hxg5 15.exf6 Bxf6
16.Qh5 g6 17.Bxg6 fxg6 18.Qxg6+ Bg7 19.fxg5 Qc4 20.Rxf8+ Kxf8 21.Ne4 Be5
22.Nf6 Ke7 23.Qg7+ Kd8 24.Qh8+ Ke7 25.Ng8+ Kf8 26.Qxe5 Kxg8 27.Qf6 e5 28.Rf1 Qxf1+
29.Qxf1 d6 30.g6 Be6 31.Qf6 Re8 32.h4 Bd5 33.h5 Rf8 34.Qxd6  1-0

[Event "5th Kolkata Open"]
[Site "Kolkata IND"]
[Date "2012.12.04"]
[Round "2"]
[White "Narayanan,Sri"]
[Black "David,Alb"]
[Result "1-0"]
[WhiteElo "2439"]
[BlackElo "2607"]

1.e4 c5 2.Nf3 e6 3.d4 cxd4 4.Nxd4 a6 5.Nc3 Qc7 6.Be2 b5 7.O-O Bb7 8.Re1 Bc5
9.Be3 Be7 10.Bf3 d6 11.a4 bxa4 12.Rxa4 Nd7 13.Bh5 g6 14.Be2 Ngf6 15.Rc4 Qb8
16.Bh6 Ne5 17.Rb4 Qc8 18.Qa1 Nfd7 19.Qa4 Bf6 20.Rd1 g5 21.Bh5 Bc6 22.Nxc6 Qxc6
23.Qa2 Nf8 24.h4 Rg8 25.Be2 gxh4 26.Ra4 Nfd7 27.Bb5 Qc7 28.Rxa6 Rxa6 29.Qxa6 h3
30.g3 Qc5 31.Bf4 Nf3+ 32.Kh1  1-0

[Event "5th Kolkata Open"]
[Site "Kolkata IND"]
[Date "2012.12.06"]
[Round "4"]
[White "Aravindh,Chithambaram VR."]
[Black "Hossain,Enam"]
[Result "0-1"]
[WhiteElo "2338"]
[BlackElo "2496"]

1.e4 c5 2.Nf3 e6 3.d4 cxd4 4.Nxd4 a6 5.Nc3 d6 6.a4 Nf6 7.Be2 Be7 8.O-O O-O
9.a5 Nc6 10.Nb3 b5 11.axb6 Qxb6 12.Be3 Qc7 13.f4 Bb7 14.Bf3 Rab8 15.Qe1 Nb4
16.Qe2 Ba8 17.g4 d5 18.e5 Nd7 19.Qg2 f6 20.Nd4 Bc5 21.exf6 Rxf6 22.Nce2 e5
23.fxe5 Qxe5 24.Bf2 Rbf8 25.c3 Nd3 26.Bg3 Qe6 27.Kh1 Qf7 28.g5 Rb6 29.Bg4 Qe8
30.Bxd7 Qxd7 31.b4 Be7 32.Rxf8+ Bxf8 33.Qf3 Nb2 34.Nf4 Nc4 35.Nd3 Nd2 36.Qg2 Ne4
37.Rf1 Nxg5 38.Ne5 Qe8 39.Rf4 Ne4 40.Qf3 Rf6 41.Rxf6 Nxf6 42.Kg1 Ne4 43.Nf5 g6
44.Qg4 Bb7 45.Ne3 Bg7 46.Nd3 Nxc3 47.Kf2 d4 48.Nc2 h5  0-1

[Event "4th London Classic Open"]
[Site "London ENG"]
[Date "2012.12.06"]
[Round "6"]
[White "Varnam,L"]
[Black "Fontaine,O"]
[Result "1-0"]
[WhiteElo "2140"]
[BlackElo "1904"]

1.e4 c5 2.Nf3 e6 3.d4 cxd4 4.Nxd4 a6 5.Nc3 Qc7 6.a3 Nf6 7.Be3 Nc6 8.Be2 Be7
9.f4 d6 10.O-O O-O 11.f5 Ne5 12.g4 d5 13.exd5 Nxd5 14.Nxd5 exd5 15.Kh1 Re8
16.Bf4 Bd6 17.c3 b5 18.a4 bxa4 19.Rxa4 Bb7 20.Nf3 Nc4 21.Bxc4 Bxf4 22.Bxd5 Bxd5
23.Qxd5 Rad8 24.Qc4 Qxc4 25.Rxc4 Bb8 26.Rd4 Rxd4 27.Nxd4 Re4 28.h3 h5 29.gxh5 Rh4
30.Rf3 Rxh5 31.Kg2 Kf8 32.b4 Rg5+ 33.Kf2 Bh2 34.Ke3 Ke8 35.Ke4 Kd7 36.c4 Rg1
37.c5 Re1+ 38.Kd5 Re5+ 39.Kc4 Bg1 40.Rd3 Bxd4 41.Rxd4+ Kc7 42.Rd6 a5 43.b5 Rxf5
44.b6+ Kb7 45.Rd7+ Kb8 46.c6 Rf4+ 47.Kd5 Rf5+ 48.Ke4 Rc5 49.Rd8+  1-0

[Event "5th Kolkata Open"]
[Site "Kolkata IND"]
[Date "2012.12.07"]
[Round "5"]
[White "Sahoo,U"]
[Black "Fominyh,A"]
[Result "1-0"]
[WhiteElo "2254"]
[BlackElo "2455"]

1.e4 c5 2.Nf3 e6 3.d4 cxd4 4.Nxd4 a6 5.Nc3 b5 6.g3 b4 7.Na4 Bb7 8.Bg2 Nf6
9.Qe2 Qa5 10.b3 Nc6 11.Bb2 Nxd4 12.Bxd4 e5 13.Bb2 Bc6 14.f4 d6 15.O-O Be7
16.fxe5 dxe5 17.Rf5 Bxa4 18.bxa4 Nd7 19.Rd1 Qc7 20.Bf1 f6 21.Rf3 Nb6 22.c3 Nxa4
23.cxb4 O-O 24.Qc4+ Qxc4 25.Bxc4+ Kh8 26.Rb3 Rfc8 27.Bd3 a5 28.a3 Rab8 29.b5 Nxb2
30.Rxb2 Bxa3 31.Ra2 Bb4 32.Kf1 g6 33.Ke2 Kg7 34.Raa1 Kh6 35.Rdc1 Rxc1 36.Rxc1 Kg5
37.Rc7 f5 38.Rxh7 a4 39.h4+ Kf6 40.Bc4 Rf8 41.b6 g5 42.b7 Bd6 43.Rd7 Bb8
44.h5 a3 45.g4 fxg4 46.Kf2 g3+ 47.Kxg3 g4 48.Kxg4 Ba7 49.Rc7 Bb8 50.Rc8 Ke7
51.Kg5  1-0

[Event "London Classic Women Inv"]
[Site "London ENG"]
[Date "2012.12.08"]
[Round "8"]
[White "Sandu,Mi"]
[Black "Kalaiyalahan,Akshaya"]
[Result "1-0"]
[WhiteElo "2199"]
[BlackElo "1750"]

1.e4 c5 2.Nf3 e6 3.d4 cxd4 4.Nxd4 a6 5.Nc3 Qc7 6.Bd3 Nf6 7.O-O d6 8.Kh1 Nbd7
9.f4 Be7 10.Qe2 O-O 11.Bd2 b6 12.Rae1 Nc5 13.e5 Nfd7 14.Bxh7+ Kxh7 15.Qh5+ Kg8
16.Rf3 f5 17.Rh3 dxe5 18.fxe5 Nxe5 19.Bf4 Bd6 20.Ndb5 axb5 21.Nxb5 Qb8 22.Nxd6 Qxd6
23.Bxe5 Qd7 24.Qh7+ Kf7 25.Rg3 Ke8 26.Rxg7 Rf7 27.Rg8+ Rf8 28.Bg7 Qf7 29.Rxf8+ Qxf8
30.Bxf8 Kxf8 31.Qc7 Bb7 32.b4 Ra7 33.Qb8+  1-0

[Event "TCh-CZE Div1 Vychod 2012-13"]
[Site "Czech Republic CZE"]
[Date "2012.12.09"]
[Round "4.1"]
[White "Butkiewicz,L"]
[Black "Ponizil,C"]
[Result "1-0"]
[WhiteElo "2397"]
[BlackElo "2377"]

1.e4 c5 2.Nf3 e6 3.d4 cxd4 4.Nxd4 a6 5.Nc3 Qc7 6.Bd3 Nf6 7.O-O Nc6 8.Be3 Ne5
9.f4 Nfg4 10.Bd2 Bc5 11.Ne2 Qb6 12.fxe5 Bxd4+ 13.Nxd4 Qxd4+ 14.Kh1 Nf2+ 15.Rxf2 Qxf2
16.Bb4 h5 17.Bc4 Qb6 18.Bd6 Qxb2 19.Rb1 Qc3 20.Bd3 b5 21.Qf3 Bb7 22.Rf1 f6
23.Qg3 Kf7 24.exf6 g5 25.Be5 Qd2 26.Bb2 Bc6 27.Qd6 Rae8 28.Qc5 g4 29.Bc1 Qa5
30.Bg5 Qc7 31.Qe3 e5 32.Bh6 Qd6 33.Qg5 Reg8 34.Qg7+ Ke6 35.f7 Rxg7 36.Bxg7 Qf8
37.Bxh8 d6 38.Bg7 Qxf7 39.Rxf7 Kxf7 40.Bh6 d5 41.exd5 Bxd5 42.a3 e4 43.Be2 Ba2
44.Kg1 Ke6 45.Kf2 Bb1 46.Bd1 Kd5 47.Ke3 a5 48.Bf8 Kc4 49.Kxe4 Kc3 50.Ke3 Bxc2
51.Bxc2 Kxc2 52.Kf4  1-0

[Event "4th London Classic Open"]
[Site "London ENG"]
[Date "2012.12.09"]
[Round "9"]
[White "Zimmermann,Ju"]
[Black "Bartholomew,J"]
[Result "0-1"]
[WhiteElo "2299"]
[BlackElo "2427"]

1.e4 c5 2.Nf3 e6 3.d4 cxd4 4.Nxd4 a6 5.Nc3 Qc7 6.Bd3 Nf6 7.f4 b5 8.e5 b4
9.Na4 Nd5 10.Bd2 Bb7 11.c4 Nb6 12.Nf3 Nxa4 13.Qxa4 Qb6 14.Qc2 h6 15.Be4 Bc5
16.O-O-O b3 17.axb3 Bxe4 18.Qxe4 Nc6 19.Qd3 O-O 20.f5 exf5 21.Qxd7 Qxb3 22.Qxf5 Rab8
23.Qc2 Qa2 24.b4 Qa1+ 25.Qb1 Qa4 26.Qc2 Qa5 27.bxa5 Ba3+ 28.Qb2 Rxb2 29.Rdg1 Rd8
30.Bc3 Re2+ 31.Kb1 Rb8+ 32.Ka1 Bb2+  0-1

[Event "IX Regina Helena Marques Prol"]
[Site "Santos BRA"]
[Date "2012.12.10"]
[Round "1.4"]
[White "Rocha,W"]
[Black "Flores,Di"]
[Result "0-1"]
[WhiteElo "2427"]
[BlackElo "2599"]

1.e4 c5 2.Nf3 e6 3.d4 cxd4 4.Nxd4 a6 5.Nc3 b5 6.Bd3 Qb6 7.Nf3 Qc7 8.O-O Bb7
9.Re1 Be7 10.e5 f5 11.Nd4 g6 12.Bf4 Nc6 13.Nf3 Nd8 14.h4 Nf7 15.Ng5 Nxg5
16.hxg5 Qd8 17.Bxf5 gxf5 18.Qh5+ Kf8 19.Re3 Qe8 20.Qd1 h6 21.Rh3 Kg7 22.g6 h5
23.Ne2 h4 24.Qd4 Rc8 25.Qb6 Bd5 26.Be3 Rc6 27.Qa7 Rxc2 28.Nf4 Bc6 29.Rd1 Rh6
30.Rd2 Rxd2 31.Bxd2 Rxg6 32.Nxg6 Qxg6 33.f3 Nh6 34.Qd4 Nf7 35.Kh2 Bd5 36.a3 Nd8
37.Qa7 Qe8 38.Qb8 Kf7 39.Bb4 Bg5 40.Bd6 Nb7 41.Qc7 Nxd6 42.exd6 Bf4+ 43.Kh1 Bg3
44.b4 Bc6  0-1

[Event "Polonia Wroclaw Cup GM"]
[Site "Wroclaw POL"]
[Date "2012.12.10"]
[Round "5"]
[White "Kriebel,T"]
[Black "Cyborowski,L"]
[Result "0-1"]
[WhiteElo "2361"]
[BlackElo "2526"]

1.e4 c5 2.Nf3 e6 3.d4 cxd4 4.Nxd4 a6 5.Nc3 d6 6.Bd3 Nf6 7.O-O Nc6 8.Be3 Nxd4
9.Bxd4 e5 10.Be3 Be6 11.f4 Ng4 12.Qf3 Nxe3 13.Qxe3 exf4 14.Qxf4 Be7 15.Nd5 Bxd5
16.exd5 O-O 17.Kh1 Bg5 18.Qf3 g6 19.Rae1 Bh6 20.c4 Bg7 21.b4 a5 22.a3 axb4
23.axb4 b6 24.Bc2 Ra2 25.Bb3 Rb2 26.Rb1 Rxb1 27.Rxb1 Qc7 28.Qe2 Ra8 29.Ba4 Be5
30.Bc6 Ra3 31.g3 Rc3 32.Rf1 Rb3 33.b5 Kg7 34.Qg4 h5 35.Qh4 f5 36.Qg5 Bf6
37.Qd2 Qe7 38.Re1 Be5 39.Qa2 Rc3 40.Qa6 Qc7 41.Qa8 Rxc4 42.Re2 Qe7 43.Ra2 Kh6
44.Ra7 Qf6 45.Qg8 Bxg3 46.Rh7+ Kg5 47.Qg7 Qxg7 48.Rxg7 Be5 49.Rg8 Kh6 50.Be8 Rg4
51.h3 Rg3 52.h4 Rg4 53.Bf7 Rxh4+ 54.Kg2 Rg4+ 55.Kh1 f4 56.Be6 Rg3  0-1

[Event "ch-IRI 2012"]
[Site "Zahedan IRI"]
[Date "2012.12.11"]
[Round "7.10"]
[White "Vaghar,M"]
[Black "Mousavi,Se"]
[Result "1-0"]
[WhiteElo "2225"]
[BlackElo "2246"]

1.e4 c5 2.Nf3 e6 3.d4 cxd4 4.Nxd4 a6 5.Nc3 Nc6 6.g3 Nf6 7.Bg2 d6 8.Nxc6 bxc6
9.e5 Nd5 10.exd6 Bxd6 11.O-O O-O 12.Ne4 Be7 13.c4 Nb6 14.b3 Qc7 15.Qf3 c5
16.Bd2 Bb7 17.Rae1 Kh8 18.Qh5 f5 19.Bf4 Qd7 20.Ng5 Bxg5 21.Bxb7 Qxb7 22.Qxg5 Rfe8
23.Be5 a5 24.Rd1 Kg8 25.Rd3 a4 26.Rfd1 Qf7 27.Rd6 Rab8 28.Qe3 axb3 29.axb3 Rec8
30.Bf4 Re8 31.Qxc5 Qb7 32.Be5 Qf3 33.R6d3  1-0

[Event "IX Regina Helena Marques Prol"]
[Site "Santos BRA"]
[Date "2012.12.12"]
[Round "4.4"]
[White "Campelo,L"]
[Black "Rocha,W"]
[Result "1-0"]
[WhiteElo "2247"]
[BlackElo "2427"]

1.e4 c5 2.Nf3 e6 3.d4 cxd4 4.Nxd4 a6 5.Nc3 Qc7 6.Bd3 Nc6 7.Be3 Nf6 8.O-O Bd6
9.f4 Bc5 10.Nf5 Ne7 11.Nxg7+ Kf8 12.Bxc5 Qxc5+ 13.Kh1 Kxg7 14.e5 Ne8 15.Ne4 Qc7
16.Qh5 d5 17.Ng5 Nf5 18.g4 Ne3 19.f5 exf5 20.gxf5 h6 21.Ne6+  1-0

[Event "ch-IRI 2012"]
[Site "Zahedan IRI"]
[Date "2012.12.13"]
[Round "9.5"]
[White "Vaghar,M"]
[Black "Asgarizadeh,A"]
[Result "1/2-1/2"]
[WhiteElo "2225"]
[BlackElo "2171"]

1.e4 c5 2.Nf3 e6 3.d4 cxd4 4.Nxd4 a6 5.Nc3 Qc7 6.g3 Bb4 7.Ne2 Nf6 8.Bg2 Be7
9.O-O Nc6 10.Nd4 O-O 11.a4 d6 12.h3 Bd7 13.Nxc6 Bxc6 14.a5 b5 15.axb6 Qxb6
16.Ra3 Rfb8 17.Re1 Qc7 18.Qe2 a5 19.Ra1 a4 20.Qc4 Qb7 21.Bd2 Nd7 22.Rab1 Nc5
23.b4 axb3 24.cxb3 Nxb3 25.Rxb3 Qxb3 26.Qxc6 Rc8 27.Qd7 Bf8 28.Re3 Qb2 29.Be1 Qa1
30.Kh2 Rc5 31.Qb7 Rac8 32.Qb3 g6 33.Qa2 Ra8 34.Qc2 Ra3 35.Qd2 Bh6 36.f4 Bg7
37.Qxd6 Rcxc3 38.Qd8+ Bf8 39.Bxc3 Rxc3 40.Qd4 Ra3 41.Qxa1 Rxa1 42.h4 h5  1/2-1/2

[Event "III ITT JAHV McGREGOR"]
[Site "Bogota COL"]
[Date "2012.12.14"]
[Round "4.16"]
[White "Mendoza,Raf"]
[Black "Martinez,Jor"]
[Result "1-0"]
[WhiteElo "2341"]
[BlackElo "2195"]

1.e4 c5 2.Nf3 e6 3.d4 cxd4 4.Nxd4 a6 5.Nc3 Qc7 6.f4 d6 7.Qf3 Nc6 8.Be3 Nf6
9.O-O-O Nxd4 10.Bxd4 e5 11.fxe5 dxe5 12.Qg3 Nd7 13.Nd5 Qd6 14.Bc3 Qh6+ 15.Kb1 Bd6
16.Ne3 Bc7 17.Nf5 Qg6 18.Bb4 Qxg3 19.hxg3 g6 20.Ng7+ Kd8 21.Bc4 b5 22.Bxf7 Bb7
23.Ne6+ Kc8 24.Bxg6 Nf6 25.Nxc7 Kxc7 26.Bd6+ Kb6 27.Bf7 Bxe4 28.Bxe5 Ng4
29.Bxh8 Rxh8 30.Rhe1 Bxg2 31.Bd5 Bh3 32.Re6+ Ka7 33.Re7+ Kb6 34.Rb7+ Ka5
35.Rd4 Ne3 36.b4+ Ka4 37.Ra7  1-0

[Event "III ITT JAHV McGREGOR"]
[Site "Bogota COL"]
[Date "2012.12.14"]
[Round "5.35"]
[White "Aucay Pelaez,M"]
[Black "Perez Rodriguez,Juan Carlos"]
[Result "1-0"]
[WhiteElo "2258"]
[BlackElo "1957"]

1.e4 c5 2.Nf3 e6 3.d4 cxd4 4.Nxd4 a6 5.Nc3 Qc7 6.Be2 Nf6 7.O-O Nc6 8.Be3 b5
9.a3 Bb7 10.f4 d6 11.Nb3 Be7 12.Bf3 O-O 13.Qe2 Rfe8 14.g4 h6 15.Rad1 Rac8
16.Qf2 Nd7 17.Bg2 Nd8 18.Rd3 Nc5 19.Nxc5 dxc5 20.Rfd1 Nc6 21.Rd7 Qb6 22.b4 Ba8
23.e5 Bf8 24.Ne4 Nb8 25.R7d3 Bxe4 26.Bxe4 Qc7 27.c3 a5 28.Qf3 axb4 29.axb4 cxb4
30.cxb4 Bxb4 31.Rb3 Qe7 32.Rdb1 Bc5 33.Rxb5 Bxe3+ 34.Qxe3 Nc6 35.Rc1 Qd7
36.Rb6 Qd4 37.Qxd4 Nxd4 38.Rxc8 Rxc8 39.Kf2 g6 40.Ke3 Rd8 41.Rd6 Rb8 42.Rxd4 Rb2
43.Rd2 Rb3+ 44.Bd3 Kg7 45.Ra2 Rb4 46.h3 h5 47.gxh5 gxh5 48.Rg2+ Kh6 49.Rg8 Rb3
50.Rh8+  1-0

[Event "I Cerrado Ciutat De Manresa"]
[Site "Manresa ESP"]
[Date "2012.12.14"]
[Round "8.3"]
[White "Barbero Senidic,A"]
[Black "Lorenzo de la Riva,L"]
[Result "1-0"]
[WhiteElo "2348"]
[BlackElo "2465"]

1.e4 c5 2.Nf3 e6 3.d4 cxd4 4.Nxd4 a6 5.Nc3 Qc7 6.Bd3 Nc6 7.Nxc6 dxc6 8.O-O Nf6
9.f4 e5 10.f5 h5 11.Qf3 Ng4 12.Kh1 b5 13.a4 b4 14.Ne2 Bc5 15.a5 Qe7 16.Qg3 g5
17.fxg6 fxg6 18.Bc4 Rf8 19.Bd2 h4 20.Qb3 Nf2+ 21.Rxf2 Rxf2 22.Be3 Bxe3 23.Qxe3 Qf6
24.Kg1 Rf4 25.Nxf4 exf4 26.Rf1 g5 27.e5 Qe7 28.Qe4 Kd7 29.Rd1+ Kc7 30.Rd6 Bd7
31.Be6 Be8 32.Qxb4  1-0

[Event "III ITT JAHV McGREGOR"]
[Site "Bogota COL"]
[Date "2012.12.15"]
[Round "7.26"]
[White "Aucay Pelaez,M"]
[Black "Lopez Idarraga,D"]
[Result "1/2-1/2"]
[WhiteElo "2258"]
[BlackElo "2042"]

1.e4 c5 2.Nc3 a6 3.Nf3 e6 4.d4 cxd4 5.Nxd4 Qc7 6.Be2 Nf6 7.O-O Bb4 8.Qd3 Nc6
9.Nxc6 bxc6 10.f4 d6 11.Kh1 O-O 12.Bd2 a5 13.Rae1 Ba6 14.Qf3 Bxe2 15.Rxe2 d5
16.exd5 exd5 17.a3 Bd6 18.Rfe1 Rab8 19.Bc1 Qd7 20.h3 Rfe8 21.Rxe8+ Rxe8 22.Rxe8+ Qxe8
23.Bd2  1/2-1/2